| 000 | 00410cam a2200157ua 4500 | ||
|---|---|---|---|
| 041 |
_aeng _h |
||
| 082 |
_a025.43 _bDEW/DE |
||
| 100 | _aDewey, Melvil. | ||
| 245 |
_aDewey decimal classification and relative index, Vol 1 / _cMelvin Dewey. _hTextual Documents |
||
| 250 |
_a17 / _b. |
||
| 260 |
_aNew York : _bForest Press , _c1965. |
||
| 300 | _a1254 ; . | ||
| 504 | _a | ||
| 942 | _cBK | ||
| 999 |
_c3785 _d3785 |
||